header

Essays on Descartes (Record no. 446)

MARC details
000 -LEADER
fixed length control field 01150nam a2200301Ia 4500
100 1# - MAIN ENTRY--AUTHOR NAME
Personal name Hoffman, Paul,
245 10 - TITLE STATEMENT
Title Essays on Descartes
260 ## - PUBLICATION, DISTRIBUTION, ETC. (IMPRINT)
Place of publication Oxford ;
-- New York :
Name of publisher Oxford University Press,
Year of publication 2009.
300 ## - PHYSICAL DESCRIPTION
Number of Pages xi, 282 p.
650 #0 - SUBJECT ADDED ENTRY--TOPICAL TERM
Topical Term Philosophy, French
856 40 - ELECTRONIC LOCATION AND ACCESS
Uniform Resource Identifier http://site.ebrary.com/lib/rucke/Doc?id=10288439

No items available.

© 2026 Rongo University
Contact us: librarian | system librarian | Rongo university